Представление документа в формате RUSMARC

ПолеНазваниеЗначение
  Тип записи a
  Библиографический уровень m
001 Контрольный номер RU/УОНБ/EK/512157725
005 Дата корректировки 20250520122317.9
010 Индекс ISBN __
a ISBN 5-235-00804-9
d Цена 1 р. 30 к.
9 Тираж 100000 экз.
b Уточнения в пер.
100 Данные общей обработки __
a Данные общей обработки 20160324d1990 k y0rusy0189||||ca
101 Язык документа 0_
a Язык текста rus
102 Страна публикации __
a Страна публикации RU
105 Кодированные данные (монография) __
a Кодированные данные (монография) a z 000yy
200 Заглавие и сведения об ответственности 1_
a Заглавие Гены и судьбы
f Первые сведения об ответственности Н.П. Бочков
210 Выходные данные 1_
a Место издания Москва
c Издательство Мол. гвардия
d Дата издания 1990
215 Физическое описание __
a Объем 255, [1] с.
c Иллюстрации/тип воспроизводства ил.
d Формат 21 см
225 Серия 1_
a Серия Эврика
606 Тематические рубрики 0_
a Основная рубрика Генетика медицинская
610 Ключевые слова 0_
a Ключевые слова генетика медицинская
686 Индексы других классификаций __
a Классификационный индекс 52.522.15
2 Код системы rubbk
700 Автор _1
a Фамилия Бочков
b Имя (инициалы) Н.П.
g Полное личное имя Николай Павлович
801 Источник записи _0
a Страна RU
b Организация Ульяновская ОНБ
c Дата составления 20160324
g Правила каталогизации RCR
801 Источник записи _1
a Страна RU
b Организация Ульяновская ОНБ
c Дата составления 20160324
g Правила каталогизации RCR
901 Тип документа __
t Тип документа m
909 Создатель записи __
a Создатель записи Васильева
938 Служебная информация __
a Имя БД retro
b Имя библиотеки УОНБ
c Имя АИБС МАРК-SQL
d Номер DOC_ID в БД 171591